Catálogo público

Producción de leche en las regiones altas de Veracruz : grupo ganadero de validación y apoyos a la transferencia de tecnología Acatlán / (Record no. 167142)

MARC details
000 -CABECERA
campo de control de longitud fija 00952nam a2200289Ia 4500
001 - NÚMERO DE CONTROL
campo de control Z_4079
003 - IDENTIFICADOR DEL NÚMERO DE CONTROL
campo de control CHAP
008 - DATOS DE LONGITUD FIJA--INFORMACIÓN GENERAL
campo de control de longitud fija 220113s1995 xx 000 0 und d
010 ## - NÚMERO DE CONTROL DE LA BIBLIOTECA DEL CONGRESO
Número de control de LC 167142
040 ## - FUENTE DE LA CATALOGACIÓN
Centro/agencia transcriptor CHAP
090 ## - LOCALMENTE ASIGNADO TIPO-LC NÚMERO DE CLASIFICACIÓN (OCLC); NÚMERO DE CLASIFICACIÓN LOCAL (RLIN)
Número de clasificación (OCLC) (R) ; Numero de clasificación, CALL (RLIN) (NR) Folleto 585 c. 3
100 ## - ENTRADA PRINCIPAL--NOMBRE DE PERSONA
Nombre de persona Ortíz Ortíz, Gilberto
9 (RLIN) 141308
245 ## - MENCIÓN DE TÍTULO
Título Producción de leche en las regiones altas de Veracruz : grupo ganadero de validación y apoyos a la transferencia de tecnología Acatlán /
Mención de responsabilidad, etc. por Gilberto Ortíz Ortíz y Benjamín A. Piña Cárdenas
260 ## - PUBLICACIÓN, DISTRIBUCIÓN, ETC.
Lugar de publicación, distribución, etc. Xalapa, Ver. :
Nombre del editor, distribuidor, etc. INIFAP. Campo Experimental Xalapa,
Fecha de publicación, distribución, etc. 1995
300 ## - DESCRIPCIÓN FÍSICA
Extensión 19 p.
440 ## - MENCIÓN DE SERIE/PUNTO DE ACCESO ADICIONAL--TÍTULO
Título Publicación especial no. 3.1. División pecuaria
9 (RLIN) 141309
500 ## - NOTA GENERAL
Nota general
503 ## - NOTA DE HISTORIA BIBLIOGRÁFICA (BK CF MU) [OBSOLETO]
Nota de historia bibliográfica
650 ## - PUNTO DE ACCESO ADICIONAL DE MATERIA--TÉRMINO DE MATERIA
Término de materia o nombre geográfico como elemento de entrada Ganado lechero
Subdivisión general Veracruz
9 (RLIN) 45306
650 ## - PUNTO DE ACCESO ADICIONAL DE MATERIA--TÉRMINO DE MATERIA
Término de materia o nombre geográfico como elemento de entrada Veracruz
Subdivisión general Ganado lechero I. Piña Cárdenas, Benjamín A
9 (RLIN) 141310
901 ## - ELEMENTOS DE DATOS A LOCAL LDA (RLIN)
a Folleto 585 c. 3
902 ## - ELEMENTOS DE DATOS B LOCAL, LDB (RLIN)
a A
910 ## - DATOS DE OPCIÓN DEL USUARIO (OCLC)
Datos de opción del usuario 1995
942 ## - ELEMENTOS DE PUNTO DE ACCESO ADICIONAL (KOHA)
Tipo de ítem Koha
942 ## - ELEMENTOS DE PUNTO DE ACCESO ADICIONAL (KOHA)
Tipo de ítem Koha
Holdings
Estado de retiro Estado de pérdida Fuente del sistema de clasificación o colocación Estado dañado No para préstamo Código de colección Localización permanente Ubicación/localización actual Ubicación en estantería Fecha de adquisición Total de préstamos Código de barras Fecha visto por última vez Número de copia Precio válido a partir de Tipo de ítem Koha
    Clasificación Universidad Autónoma de Chapingo     Folletos Zootecnia Zootecnia   09/11/2005   z_A1522 18/01/2022 1 18/01/2022 Folleto
    Clasificación Universidad Autónoma de Chapingo     Folletos Zootecnia Zootecnia   09/11/2005   z_A1523 18/01/2022 2 18/01/2022 Folleto
    Clasificación Universidad Autónoma de Chapingo     Folletos Zootecnia Zootecnia   09/11/2005   z_A1524 18/01/2022 3 18/01/2022 Folleto